Hindi sahitya ke vivid ayam/ (Record no. 58573)

000 -LEADER
fixed length control field 00419nam a22001577a 4500
020 ## - INTERNATIONAL STANDARD BOOK NUMBER
International Standard Book Number 9789382333029
082 ## - DEWEY DECIMAL CLASSIFICATION NUMBER
Classification number H 891.430 71
Item number VIM/H
100 ## - MAIN ENTRY--PERSONAL NAME
Personal name Vimlesh
9 (RLIN) 57913
245 ## - TITLE STATEMENT
Title Hindi sahitya ke vivid ayam/
Statement of responsibility, etc. by Vimlesh
260 ## - PUBLICATION, DISTRIBUTION, ETC.
Place of publication, distribution, etc. Kanpur:
Name of publisher, distributor, etc. Sahitya Nilayam,
Date of publication, distribution, etc. 2013.
300 ## - PHYSICAL DESCRIPTION
Extent 192p.
650 ## - SUBJECT ADDED ENTRY--TOPICAL TERM
Topical term or geographic name entry element Literary writers Hindi
9 (RLIN) 57914
650 ## - SUBJECT ADDED ENTRY--TOPICAL TERM
Topical term or geographic name entry element Literature Hindi
9 (RLIN) 57915
650 ## - SUBJECT ADDED ENTRY--TOPICAL TERM
Topical term or geographic name entry element Literature
9 (RLIN) 57916
942 ## - ADDED ENTRY ELEMENTS (KOHA)
Koha item type Book
Holdings
Withdrawn status Lost status Damaged status Not for loan Permanent Location Current Location Shelving location Date acquired Cost, normal purchase price Total Checkouts Full call number Barcode Date last seen Date last checked out Price effective from Koha item type
        Sree Sankaracharya University of Sanskrit Sree Sankaracharya University of Sanskrit Stacks 01.02.2016 400.00 4 H 891.430 71 VIM/H 080312 26.10.2021 02.09.2021 01.02.2016 Book